000 00624nam a2200181Ia 4500
003 GCL
008 140319s9999 xx 000 0 ara d
040 _aGCL /
_cGCL
082 0 4 _a811
_bج و
100 1 _aجلال عابدين
245 1 0 _aالولد الطيب 000 تاه /
_cجلال عابدين
260 _aالقاهرة :
_bالهيئة المصرية العامة للكتاب ،
_c1997
300 _a99 ص ؛
_c28 سم
650 0 4 _aالشعر العربى
650 0 4 _aالشعر العربى - دواوين وقصائد
650 0 4 _aالشعر العربى - العصر الحديث
942 _2ddc
_cBK
999 _c57307
_d57307